TV Shows Named After Characters Quiz Stats

 Plays Quiz Updated Jul 10, 2015

Also try: Eponymous TV Shows
Challenge
Share
Tweet
Embed
Score 0/25 Timer 06:00
13 Plays Today
% Correct
Hannah Montana
94.3%
Sherlock
92.6%
House
92.3%
Gilligan's Island
92%
Grey's Anatomy
91.7%
Magnum, P.I.
91.4%
The Larry Sanders Show
88.4%
Frasier
88%
Lizzie McGuire
86.1%
Veronica Mars
83%
Louie
82.9%
MacGyver
80.7%
Blossom
78.7%
% Correct
Columbo
78.5%
Caroline in the City
77.7%
Chuck
77%
Suddenly Susan
75%
Perry Mason
71.6%
Phyllis
69.8%
Flo
69.3%
Gomer Pyle, U.S.M.C.
67.2%
Spenser: For Hire
65.4%
Barney Miller
62.6%
Julia
62.4%
Barnaby Jones
58.3%

You're not logged in!

Compare scores with friends on all Sporcle quizzes.
Join for Free
OR
Log In

You Might Also Like...

Show Comments

Extras

Top Quizzes Today


Score Distribution

Your Account Isn't Verified!

In order to create a playlist on Sporcle, you need to verify the email address you used during registration. Go to your Sporcle Settings to finish the process.

Report this User

Report this user for behavior that violates our Community Guidelines.

Details: